[Event "TCh-RUS"]
[Site "Togliatti RUS"]
[Date "2003.05.19"]
[Round "4"]
[White "Gabdrakhmanov,R"]
[Black "Onischuk,Al"]
[Result "0-1"]
[WhiteElo "2427"]
[BlackElo "2647"]

1.Nf3 Nf6 2.c4 e6 3.b3 d5 4.e3 Be7 5.Bb2 O-O 6.Be2 Nbd7 7.O-O b6 8.d4 Bb7
9.Nc3 c5 10.Rc1 Rc8 11.cxd5 Nxd5 12.Nxd5 Bxd5 13.Ba6 Rc7 14.Ne5 Nxe5 15.dxe5 Rd7
16.Qg4 Qa8 17.f3 Bc6 18.a4 Bd5 19.Rc3 Rfd8 20.e4 Bc6 21.Rcc1 Qb8 22.Bc3 b5
23.f4 b4 24.f5 bxc3 25.fxe6 fxe6 26.Qxe6+ Kh8 27.Qxc6 Qxe5 28.Bc4 Rd2 29.Qe6 Qxe6
30.Bxe6 c2 31.e5 c4 32.b4 Bxb4 33.Bf5 Rf8 34.e6 g6 35.e7 Bxe7  0-1

[Event "TCh-RUS"]
[Site "Togliatti RUS"]
[Date "2003.05.23"]
[Round "8"]
[White "Vokarev,S"]
[Black "Onischuk,Al"]
[Result "1/2-1/2"]
[WhiteElo "2498"]
[BlackElo "2647"]

1.e4 e5 2.Nf3 Nc6 3.Bb5 a6 4.Bxc6 dxc6 5.O-O Bg4 6.h3 h5 7.d3 Qf6 8.Nbd2 Bd6
9.Re1 Ne7 10.d4 Ng6 11.hxg4 hxg4 12.Nh2 Rxh2 13.Qxg4 Qh4 14.Qxh4 Rxh4 15.Nf3 Rh5
16.dxe5 Nxe5 17.Nxe5 Bxe5 18.c3 O-O-O 19.Be3 Re8 20.Kf1 Bd6 21.f3 f5 22.Bg1 Rh1
23.Kf2 fxe4 24.fxe4 Rh4 25.g3 Rg4 26.Bh2 Rgxe4 27.Rxe4 Rxe4 28.Kf3 Re5 29.Bg1 Rf5+
30.Kg2 Kd7 31.Re1 Ra5 32.a3 Re5 33.Bf2 Rxe1 34.Bxe1 Ke6 35.c4 b5 36.Kf3 bxc4
37.Ke4 g6 38.g4 Be5 39.Bc3 Bf6 40.a4 c5 41.Bxf6 Kxf6 42.Kd5 Kg5 43.Kxc4 Kxg4
44.Kxc5 g5 45.b4 Kf4 46.b5  1/2-1/2

[Event "31st World Open"]
[Site "Philadelphia USA"]
[Date "2003.07.01"]
[Round "2"]
[White "Tyomkin,D"]
[Black "Onischuk,Al"]
[Result "0-1"]
[WhiteElo "2477"]
[BlackElo "2647"]

1.e4 e5 2.Nf3 Nc6 3.Bc4 Nf6 4.d3 Bc5 5.O-O a6 6.a4 d6 7.Nbd2 O-O 8.c3 Ba7
9.h3 Be6 10.Re1 Re8 11.Bxe6 Rxe6 12.Nf1 d5 13.Qc2 h6 14.Ng3 Qd7 15.Be3 Bxe3
16.Rxe3 Rae8 17.Rae1 g6 18.R3e2 Kh7 19.Kh1 b6 20.Rd2 Rd6 21.Red1 d4 22.Rc1 dxc3
23.bxc3 Na5 24.d4 Nc4 25.Rdd1 b5 26.axb5 axb5 27.Kg1 Qc6 28.Nxe5 Nxe5  0-1

[Event "31st World Open"]
[Site "Philadelphia USA"]
[Date "2003.07.06"]
[Round "9"]
[White "Onischuk,Al"]
[Black "Shabalov,A"]
[Result "1/2-1/2"]
[WhiteElo "2647"]
[BlackElo "2592"]

1.d4 d5 2.c4 c6 3.Nf3 Nf6 4.e3 e6 5.Nbd2 Nbd7 6.Bd3 c5 7.O-O Be7 8.b3 O-O
9.Bb2 b6 10.e4 dxe4 11.Nxe4 Bb7 12.Qe2 cxd4 13.Nxd4 Qc7 14.Rad1 Rad8 15.Nb5 Qf4
16.Bc1 Qb8 17.Bg5  1/2-1/2

[Event "4th It"]
[Site "Montreal CAN"]
[Date "2003.07.23"]
[Round "1"]
[White "Vera,R"]
[Black "Onischuk,Al"]
[Result "1/2-1/2"]
[WhiteElo "2509"]
[BlackElo "2657"]

1.d4 Nf6 2.c4 e6 3.Nc3 Bb4 4.Qc2 O-O 5.a3 Bxc3+ 6.Qxc3 b6 7.Bg5 Bb7 8.f3 h6
9.Bh4 d5 10.e3 Nbd7 11.cxd5 Nxd5 12.Bxd8 Nxc3 13.Bh4 Nd5 14.Bf2 c5 15.Ne2 f5
16.dxc5 Nxc5 17.Nd4 Rac8 18.b4 e5 19.Nxf5 Nb3 20.Rb1 Rxf5 21.Rxb3 Rff8 22.e4 Nf4
23.Be3 Rfd8 24.g3 Ne6 25.Bh3 Kf7 26.O-O Rc2 27.Rf2 Rd1+ 28.Kg2 Rc7 29.Rf1 Rc2+
30.Rf2 Rc7 31.Rf1 Rc2+  1/2-1/2

[Event "4th It"]
[Site "Montreal CAN"]
[Date "2003.07.25"]
[Round "3"]
[White "Ross,D"]
[Black "Onischuk,Al"]
[Result "0-1"]
[WhiteElo "2318"]
[BlackElo "2657"]

1.d4 f5 2.c4 Nf6 3.g3 g6 4.Bg2 Bg7 5.Nc3 d6 6.Nf3 O-O 7.O-O Qe8 8.b3 e5 9.dxe5 dxe5
10.e4 Nc6 11.Nd5 Qd7 12.Ba3 Re8 13.Nxf6+ Bxf6 14.Qd5+ Qf7 15.Qxf7+ Kxf7 16.Rfe1 g5
17.Nd2 f4 18.Bf1 Rd8 19.Nb1 Nd4 20.Rc1 h5 21.Nc3 c6 22.Ne2 Nf3+ 23.Kh1 Nd2
24.Nc3 h4 25.Kg1 hxg3 26.fxg3 Nf3+ 27.Kg2 Rd2+ 28.Be2 Nd4  0-1

[Event "4th It"]
[Site "Montreal CAN"]
[Date "2003.07.27"]
[Round "5"]
[White "Legky,N"]
[Black "Onischuk,Al"]
[Result "0-1"]
[WhiteElo "2482"]
[BlackElo "2657"]

1.d4 Nf6 2.Nf3 g6 3.g3 Bg7 4.Bg2 O-O 5.O-O d6 6.c4 Nbd7 7.Nc3 e5 8.Qc2 Re8
9.Rd1 c6 10.e3 a6 11.dxe5 dxe5 12.Ng5 Qe7 13.Nge4 Nxe4 14.Nxe4 Nc5 15.b3 Nxe4
16.Bxe4 Bg4 17.Rd2 Rad8 18.Bb2 Rxd2 19.Qxd2 Rd8 20.Qe1 Qf6 21.Rc1 h5 22.Kg2 h4
23.h3 Bf5 24.Bxf5 Qxf5 25.e4 Qg5 26.Rc2 hxg3 27.fxg3 Rd3 28.Bc1 Qd8 29.Be3 Bf8
30.Qe2 Bb4 31.h4 Kg7 32.Rc1 Bc5 33.Bxc5 Rd2 34.Rc2 Rxe2+ 35.Rxe2 Qd1 36.Kf2 Qh1
37.Bb4 Kh6 38.Be7 Kh5 39.Bf6 Qa1 40.Kg2 Kg4 41.Kf2 Qc3 42.Re3 Qd2+ 43.Re2 Qd6
44.Bg5 f6 45.Rd2 Qa3 46.Be3 Qc1 47.Rd6 Qc2+ 48.Bd2 Qd1 49.Rd3 f5 50.exf5 gxf5
51.h5 e4 52.Rd8 Qf3+ 53.Ke1 e3 54.h6 exd2+ 55.Kxd2 Qg2+  0-1

[Event "4th It"]
[Site "Montreal CAN"]
[Date "2003.07.28"]
[Round "6"]
[White "Onischuk,Al"]
[Black "Romanishin,O"]
[Result "1-0"]
[WhiteElo "2657"]
[BlackElo "2561"]

1.d4 Nf6 2.c4 e6 3.Nc3 Bb4 4.Qc2 d5 5.cxd5 Qxd5 6.e3 O-O 7.Bd2 Bxc3 8.Bxc3 c5
9.dxc5 Qxc5 10.Rc1 a5 11.Nf3 Nc6 12.Be2 Nd5 13.Ng5 f5 14.O-O Nxe3 15.Qd3 Nxf1
16.Nxh7 Ne5 17.Qh3 Ng4 18.Rxf1 Rd8 19.Ng5 Nh6 20.Qh5 e5 21.Qg6 Ra6 22.Bxa6 bxa6
23.Qh7+ Kf8 24.Qh8+ Ng8 25.Nf3 Bb7 26.Nxe5 Rd6 27.Qh5 Nh6 28.Qg5 Qb6 29.Re1  1-0

[Event "4th It"]
[Site "Montreal CAN"]
[Date "2003.07.30"]
[Round "7"]
[White "Lugovoi,A"]
[Black "Onischuk,Al"]
[Result "0-1"]
[WhiteElo "2566"]
[BlackElo "2657"]

1.d4 Nf6 2.c4 e6 3.Nc3 Bb4 4.e3 O-O 5.Bd3 d5 6.Nf3 c5 7.O-O dxc4 8.Bxc4 cxd4
9.exd4 b6 10.Bg5 Bb7 11.Qe2 Nbd7 12.Rac1 Rc8 13.Ne5 Qc7 14.Nb5 Qb8 15.Nxd7 Nxd7
16.Qg4 Kh8 17.Bf4 e5 18.dxe5 Nxe5 19.Qg3 f6 20.Nd4 Bd6 21.Ne6 Rg8 22.Bb3 g5
23.Rxc8 Bxc8 24.Bc1 Ng6 25.f4 Bxe6 26.Bxe6 gxf4 27.Qh3 Rd8 28.Bf5 Kg7 29.Qg4 Qc7
30.Bxg6 hxg6 31.Bxf4 Qc5+ 32.Kh1 Qb4 33.a3 Qxb2 34.Rd1 Qxa3 35.h4 Be7 36.Rxd8 Bxd8
37.h5 g5 38.Qf5 gxf4 39.Qg6+ Kf8 40.Qh6+ Ke8 41.Qg6+ Kd7 42.Qf5+ Kc7 43.h6 Qa1+
44.Kh2 Qe5  0-1

[Event "4th It"]
[Site "Montreal CAN"]
[Date "2003.08.01"]
[Round "9"]
[White "Bluvshtein,M"]
[Black "Onischuk,Al"]
[Result "0-1"]
[WhiteElo "2447"]
[BlackElo "2657"]

1.e4 e5 2.Nf3 Nc6 3.Bb5 a6 4.Ba4 Nf6 5.O-O Be7 6.Re1 b5 7.Bb3 O-O 8.c3 d5
9.exd5 Nxd5 10.Nxe5 Nxe5 11.Rxe5 c6 12.d3 Bd6 13.Re1 Bf5 14.Nd2 Nf4 15.Ne4 Nxd3
16.Nxd6 Qxd6 17.Be3 Qg6 18.Rf1 Nxb2 19.Qd2 Nd3 20.f4 c5 21.Bc2 Rad8 22.Rad1 c4
23.Bd4 Rfe8 24.Bxd3 cxd3 25.Rde1 h5 26.Rf3 h4 27.Rfe3 Rxe3 28.Rxe3 f6 29.a3 Re8
30.Qa2+ Kh7 31.Qf2 h3 32.Rxe8 Qxe8 33.gxh3 Qh5 34.Qd2 Qxh3 35.Bf2 Qg4+ 36.Bg3 Qf3
37.Be1 Be4 38.Bg3 Kg6 39.Be1 Kf5 40.Bg3 g6  0-1

[Event "4th It"]
[Site "Montreal CAN"]
[Date "2003.08.03"]
[Round "11"]
[White "Onischuk,Al"]
[Black "Rozentalis,E"]
[Result "1/2-1/2"]
[WhiteElo "2657"]
[BlackElo "2586"]

1.d4 Nf6 2.c4 e6 3.Nc3 Bb4 4.Qc2 O-O 5.a3 Bxc3+ 6.Qxc3 b6 7.Bg5 Ba6 8.Qf3 Nc6
9.e3 Re8 10.Nh3 h6 11.Bxf6 Qxf6 12.Qxf6 gxf6 13.b4 Bb7 14.Nf4 f5 15.Be2 Ne7
16.f3 d6 17.Kf2 c5 18.Rhd1 Red8 19.dxc5 dxc5 20.Rxd8+ Rxd8 21.Nd3 Rc8 22.Rb1 cxb4
23.axb4 Rc7 24.Ra1 Nc8 25.Ra4 Kf8 26.b5 Nd6 27.Nc1 Bc8 28.Na2 Bd7 29.Nb4 Ke7
30.Na6  1/2-1/2

[Event "II American Continental"]
[Site "Buenos Aires ARG"]
[Date "2003.08.17"]
[Round "1"]
[White "Onischuk,Al"]
[Black "Perdomo,L"]
[Result "1-0"]
[WhiteElo "2657"]
[BlackElo "2304"]

1.d4 Nf6 2.c4 g6 3.Nc3 Bg7 4.e4 d6 5.Nf3 O-O 6.Be2 e5 7.Be3 c6 8.O-O Nbd7
9.d5 c5 10.Ne1 Ne8 11.Nd3 f5 12.f3 f4 13.Bf2 h5 14.b4 b6 15.Rb1 Bf6 16.Qa4 a6
17.bxc5 bxc5 18.Be1 Nb6 19.Qb3 Rb8 20.Qc2 Bd7 21.Nd1 Na4 22.Ba5 Qc8 23.Rxb8 Qxb8
24.N1f2 Bd8 25.Rb1 Qa8 26.Bd2 Nf6 27.Nxf4 exf4 28.Bxf4 Ne8 29.Bh6 Ng7 30.e5 Bf5
31.Ne4 Nb6 32.e6 Nxd5 33.cxd5 Qxd5 34.Rd1 Qe5 35.Bxa6 Kh7 36.Bxg7 Kxg7 37.Bc4 Be7
38.Qc3 Bxe4 39.Qxe5+ dxe5 40.fxe4 Ra8 41.Rf1 Bf6 42.Bd5 Rd8 43.a4 g5 44.a5 Rd6
45.Rc1 Be7 46.Bc4 g4 47.a6 Bg5 48.Ra1  1-0

[Event "II American Continental"]
[Site "Buenos Aires ARG"]
[Date "2003.08.18"]
[Round "2"]
[White "Gomez Baillo,J"]
[Black "Onischuk,Al"]
[Result "1/2-1/2"]
[WhiteElo "2429"]
[BlackElo "2657"]

1.e4 e5 2.Nf3 Nc6 3.d4 exd4 4.Nxd4 Bc5 5.Be3 Qf6 6.c3 Nge7 7.Bc4 Ne5 8.Be2 Qg6
9.O-O d6 10.Kh1 Qxe4 11.Nd2 Qg6 12.Bh5 Bg4 13.Qa4+ Bd7 14.Qd1 Bg4 15.Qa4+ Bd7  1/2-1/2

[Event "II American Continental"]
[Site "Buenos Aires ARG"]
[Date "2003.08.21"]
[Round "4"]
[White "Bronstein,L"]
[Black "Onischuk,Al"]
[Result "0-1"]
[WhiteElo "2325"]
[BlackElo "2657"]

1.e4 e5 2.Nf3 Nc6 3.Bb5 a6 4.Ba4 Nf6 5.O-O Bc5 6.c3 b5 7.Bb3 d6 8.d4 Bb6
9.h3 Bb7 10.Re1 O-O 11.Be3 Na5 12.d5 Nxb3 13.axb3 c6 14.c4 cxd5 15.cxd5 Rc8
16.Nbd2 Ba5 17.Bg5 Bb4 18.Re3 h6 19.Bh4 Kh8 20.Nf1 Rg8 21.Ng5 Qe8 22.Rf3 hxg5
23.Rxf6 gxf6 24.Qh5+ Kg7 25.Ne3 Rh8 26.Nf5+ Kg8 27.Qg4 Qd8 28.Bg3 Rc2 29.h4 Bc8
30.hxg5 fxg5  0-1

[Event "II American Continental"]
[Site "Buenos Aires ARG"]
[Date "2003.08.22"]
[Round "5"]
[White "Onischuk,Al"]
[Black "Giardelli,S"]
[Result "1-0"]
[WhiteElo "2657"]
[BlackElo "2437"]

1.d4 Nf6 2.c4 e6 3.Nc3 Bb4 4.e3 c5 5.Ne2 cxd4 6.exd4 O-O 7.a3 Be7 8.Nf4 d6
9.Be2 Re8 10.O-O a6 11.b4 Qc7 12.Be3 b6 13.Rc1 Nbd7 14.Bd3 Bb7 15.d5 e5 16.Nfe2 Bf8
17.Ng3 g6 18.f3 Rac8 19.Qd2 Qb8 20.Nce4 Ba8 21.Bg5 Be7 22.Nxf6+ Nxf6 23.f4 e4
24.Bxf6 Bxf6 25.Nxe4 Bg7 26.f5 b5 27.fxg6 hxg6 28.Qf2 Re7 29.Nf6+ Bxf6 30.Qxf6 Qa7+
31.Kh1 bxc4 32.Bxg6 fxg6 33.Qxg6+ Kh8 34.Rxc4 Rg8 35.Qf6+  1-0

[Event "II American Continental"]
[Site "Buenos Aires ARG"]
[Date "2003.08.23"]
[Round "6"]
[White "Spangenberg,H"]
[Black "Onischuk,Al"]
[Result "0-1"]
[WhiteElo "2495"]
[BlackElo "2657"]

1.Nf3 Nf6 2.c4 e6 3.g3 d5 4.b3 c5 5.Bg2 Nc6 6.O-O Be7 7.e3 O-O 8.Bb2 d4 9.exd4 cxd4
10.Re1 Ne8 11.Ne5 Nxe5 12.Rxe5 f6 13.Re1 e5 14.d3 Nc7 15.Ba3 Ne6 16.Qc1 Kh8
17.Nd2 Rb8 18.Ne4 b6 19.Rb1 Bb7 20.Bxe7 Qxe7 21.b4 g5 22.Qd1 Rg8 23.h3 f5
24.Nd2 Nf4 25.Bf1 g4 26.h4 Ba8 27.Kh2 Qb7 28.f3 gxf3 29.Qxf3 Qg7 30.Qf2 Nh5
31.Nf3 Nxg3 32.Bh3 Bxf3 33.Qxf3 e4 34.Qf4  0-1

[Event "II American Continental"]
[Site "Buenos Aires ARG"]
[Date "2003.08.26"]
[Round "8"]
[White "Onischuk,Al"]
[Black "Tempone,M"]
[Result "1-0"]
[WhiteElo "2657"]
[BlackElo "2437"]

1.d4 d5 2.c4 c6 3.Nf3 Nf6 4.e3 Bf5 5.Nc3 e6 6.Nh4 Be4 7.f3 Bg6 8.Qb3 Qb6
9.Qxb6 axb6 10.Bd2 Be7 11.g3 O-O 12.Kf2 Rd8 13.cxd5 exd5 14.Nxg6 hxg6 15.h4 b5
16.Bd3 Nbd7 17.g4 Nb6 18.b3 b4 19.Ne2 Ra3 20.g5 Nh5 21.Rhb1 Rda8 22.Rb2 Bd6
23.f4 Nd7 24.Kf3 Nf8 25.e4 dxe4+ 26.Bxe4 R8a5 27.Be3 Ne6 28.Rd1 f5 29.Bd3 Nc7
30.d5 c5 31.Bb1 Ra8 32.Rc2 b6 33.Bc1 R3a7 34.Bb2 Re8 35.Be5 Nb5 36.Rcd2 Rd7
37.Bd3 Na3 38.Ba6 Bxe5 39.fxe5 Rxe5 40.d6 Re8 41.Nc1 b5 42.Nd3 Rxd6 43.Nxc5 Rxd2
44.Rxd2 Nb1 45.Re2 Rxe2 46.Kxe2 Nc3+ 47.Kf3 Kf8 48.Nd3 Nxa2 49.Bxb5 Nc3 50.Bc4 Ne4
51.Nxb4 Nd2+ 52.Ke3 Nxc4+ 53.bxc4 Ng3 54.Nd3 Ke7 55.Ne5 Kd6 56.Nxg6 Kc5 57.Ne5 Nh5
58.Kf3 Kd4 59.Ng6  1-0

[Event "II American Continental"]
[Site "Buenos Aires ARG"]
[Date "2003.08.27"]
[Round "9"]
[White "Campora,D"]
[Black "Onischuk,Al"]
[Result "1/2-1/2"]
[WhiteElo "2510"]
[BlackElo "2657"]

1.e4 e5 2.Nf3 Nc6 3.Nc3 Nf6 4.Bb5 Nd4 5.Nxd4 exd4 6.e5 dxc3 7.exf6 Qxf6 8.dxc3 Bc5
9.Qe2+ Qe6 10.Bf4 c6 11.Bd3 d5 12.O-O Qxe2 13.Bxe2 Bf5 14.Bd3 Bxd3 15.cxd3 Kd7
16.Rfe1 a5 17.d4 Bb6 18.a4 f6 19.h4 Rae8 20.Kf1 c5 21.dxc5 Bxc5 22.f3 h5
23.b4 Rxe1+ 24.Rxe1 axb4 25.cxb4 Bd6 26.Bxd6 Kxd6 27.Rc1 Ra8 28.a5 Ra6 29.Ke2 Rc6
30.Ra1 Rc4 31.b5 Kc7 32.g3 Rb4 33.a6 Kb8 34.axb7 Kxb7 35.Ra6 Rxb5 36.Re6 Kc7
37.Re7+ Kd6 38.Rxg7 Ke5 39.Re7+ Kd4 40.g4 Rb2+ 41.Kf1 hxg4 42.fxg4 Rh2 43.h5 Rh4
44.Re6 f5 45.gxf5 Rxh5 46.f6 Kd3 47.Kf2 d4 48.Kg3 Rf5 49.Kg4 Rf1 50.Kg5 Kc2
51.Rc6+ Kb2 52.Rb6+ Kc2 53.Rc6+ Kb2 54.Rb6+ Kc2 55.Rc6+ Kb2 56.Rb6+  1/2-1/2

[Event "II American Continental"]
[Site "Buenos Aires ARG"]
[Date "2003.08.28"]
[Round "10"]
[White "Franco Ocampos,Z"]
[Black "Onischuk,Al"]
[Result "0-1"]
[WhiteElo "2520"]
[BlackElo "2657"]

1.c4 Nf6 2.Nf3 e6 3.d4 d5 4.Nc3 Be7 5.Bg5 h6 6.Bh4 O-O 7.e3 b6 8.Be2 Bb7
9.Bxf6 Bxf6 10.cxd5 exd5 11.b4 c6 12.O-O Qe7 13.Qb3 Rd8 14.Rad1 Na6 15.b5 cxb5
16.Bxb5 Qb4 17.Rb1 Qxb3 18.Rxb3 Rac8 19.Rc1 Be7 20.Kf1 Nb4 21.Ke1 a6 22.a3 axb5
23.axb4 f6 24.Kd2 Rc4 25.Rcb1 Bc6 26.Ne1 Ra8 27.Nd3 g5 28.R3b2 Kf7 29.Rb3 Ke6
30.Rh1 Be8 31.Rhb1 h5 32.h4 Bd6 33.g3 Ra7 34.R1b2 Ra8 35.Rb1 Ra7 36.R1b2 gxh4
37.gxh4 Rg7 38.Rb1 Rg2 39.Ne2 Rh2 40.Rg1 Rxh4 41.Ndf4+ Bxf4 42.Nxf4+ Rxf4
43.exf4 Rxd4+ 44.Rd3 Rxb4 45.Re1+ Re4 46.Rxe4+ dxe4 47.Rd8 Ke7 48.Rb8 h4
49.Rxb6 h3 50.Rb7+ Bd7 51.Rb8 Kf7 52.Rh8 Kg7 53.Rh4 b4 54.Kc2 Be6 55.Kb2 Kf7
56.Rh5 Bg4 57.Rh4 Be6 58.Rh5 Kg6 59.Rh4 Kf5 60.Rxh3 Kxf4 61.Rh6 Ke5 62.Rh8 f5
63.Rb8 b3 64.Kc3 f4 65.Rf8 f3 66.Rh8 e3 67.fxe3 f2 68.Rh1 Ke4 69.Kd2 Kf3  0-1

[Event "II American Continental"]
[Site "Buenos Aires ARG"]
[Date "2003.08.29"]
[Round "11"]
[White "Onischuk,Al"]
[Black "Wojtkiewicz,A"]
[Result "1-0"]
[WhiteElo "2657"]
[BlackElo "2543"]

1.d4 d5 2.c4 c6 3.Nf3 Nf6 4.e3 Bg4 5.Nc3 e6 6.h3 Bxf3 7.Qxf3 Nbd7 8.Bd3 Bd6
9.O-O O-O 10.Bd2 Re8 11.Qd1 Bf8 12.Qc2 a6 13.a4 a5 14.Rad1 Bb4 15.Bc1 Bd6
16.b3 Rc8 17.Bb2 g6 18.Qe2 Qe7 19.f4 Nh5 20.Qf2 f5 21.g4 Nhf6 22.g5 Ne4 23.Nxe4 fxe4
24.Be2 Ba3 25.Ba1 Kg7 26.h4 Rh8 27.Bg4 h5 28.Bh3 Rc7 29.Rd2 Bb4 30.Rc2 Rf8
31.Qe2 Rcc8 32.Qd1 Nb6 33.Rcf2 Rce8 34.Qc2 Na8 35.Bc3 Rf7 36.Qd2 Bxc3 37.Qxc3 Qd8
38.Rc1 Qb6 39.cxd5 cxd5 40.Rfc2 Rc7 41.Qb2 Rxc2 42.Rxc2 Nc7 43.Bf1 Re7 44.Qa3 Kf7
45.Kf2 Ne8 46.Rc3 Nd6 47.Qc5 Qd8 48.Bh3 Rd7 49.Rc1 Qa8 50.Qb6 Ke7 51.Rc5 Qd8
52.Qxd8+ Rxd8 53.Rxa5 Re8 54.Rc5 Kd8 55.Ke2 Nc8 56.Kd2 b6 57.Rc6 Kd7 58.Bf1 Re7
59.Bb5 Na7 60.Rxb6+ Kc7 61.Ra6 Kb7 62.Kc3  1-0

[Event "ECC"]
[Site "Rethymnon GRE"]
[Date "2003.09.29"]
[Round "2"]
[White "Ftacnik,L"]
[Black "Onischuk,Al"]
[Result "1/2-1/2"]
[WhiteElo "2598"]
[BlackElo "2657"]

1.d4 Nf6 2.Nf3 e6 3.c4 d5 4.g3 Be7 5.Bg2 O-O 6.O-O dxc4 7.Qc2 a6 8.a4 Bd7
9.Qxc4 Bc6 10.Bg5 Bd5 11.Qc2 Be4 12.Qc1 h6 13.Bf4 Nc6 14.Nfd2 Bh7 15.Ne4 Nd5
16.Rd1 Nxf4 17.Qxf4  1/2-1/2

[Event "ECC"]
[Site "Rethymnon GRE"]
[Date "2003.09.30"]
[Round "3"]
[White "Onischuk,Al"]
[Black "Belozerov,A"]
[Result "1-0"]
[WhiteElo "2657"]
[BlackElo "2541"]

1.d4 Nf6 2.c4 e6 3.Nc3 Bb4 4.e3 c5 5.Ne2 cxd4 6.exd4 d5 7.c5 Nc6 8.a3 Bxc3+
9.Nxc3 O-O 10.Be3 e5 11.Be2 exd4 12.Bxd4 Ne4 13.O-O Nxc3 14.bxc3 Bf5 15.Qb3 Qd7
16.Rfe1 Rfe8 17.Rad1 Rad8 18.Bf1 Re7 19.f3 Rde8 20.Rxe7 Rxe7 21.Bf2 Be6 22.Qa4 Qc7
23.Bg3 Qa5 24.Qxa5 Nxa5 25.Bb5 Nc6 26.a4 Re8 27.a5 a6 28.Bxc6 bxc6 29.Rb1 Ra8
30.Rb6 Bd7 31.Rb7 Bf5 32.Bb8 Bd3 33.Kf2 Bb5 34.Ke3 h6 35.Kf4 Bf1 36.g3 Be2
37.Ke5 Bxf3 38.Kd6 g5 39.Kc7 f5 40.Rb2 Kf7 41.Kb7 Rxb8+ 42.Kxb8 Ke6 43.Kb7  1-0

[Event "ECC"]
[Site "Rethymnon GRE"]
[Date "2003.10.01"]
[Round "4"]
[White "Stanojoski,Z"]
[Black "Onischuk,Al"]
[Result "1/2-1/2"]
[WhiteElo "2496"]
[BlackElo "2657"]

1.e4 e5 2.Nf3 Nc6 3.Bb5 a6 4.Bxc6 dxc6 5.Nc3 f6 6.d4 exd4 7.Qxd4 Qxd4 8.Nxd4 Bd6
9.Be3 Ne7 10.O-O-O Bd7 11.Nb3 O-O-O 12.Nc5 Bxc5 13.Bxc5 Ng6 14.f3 Be6 15.Bf2 h5
16.h4 Nf4 17.Rxd8+ Rxd8 18.Rg1 Bf7 19.Be3 Ng6 20.Rh1 b6 21.b3 c5 22.Ne2 a5
23.Ng3 Ne5 24.Rd1 Rxd1+ 25.Kxd1 c4 26.Bd2 cxb3 27.axb3 g6 28.Bc3 Kd7 29.Ne2 c5
30.Kd2 Kd6 31.Nc1 c4 32.b4 a4 33.Ne2 Be8 34.Bb2 b5 35.Ke3 Ke7 36.Nc3 Bc6
37.Kd4 Nd7 38.Bc1 Ke6 39.Ne2 Kd6 40.Nc3 Ke6 41.Ne2 Kd6 42.Bf4+ Ke7 43.Be3 Kd6
44.Bf4+ Ke7 45.Bc1 Kd6  1/2-1/2

[Event "ECC"]
[Site "Rethymnon GRE"]
[Date "2003.10.03"]
[Round "6"]
[White "Onischuk,Al"]
[Black "Relange,E"]
[Result "1-0"]
[WhiteElo "2657"]
[BlackElo "2513"]

1.d4 Nf6 2.c4 g6 3.Nc3 Bg7 4.e4 d6 5.Nf3 O-O 6.Be2 e5 7.Be3 Na6 8.O-O Qe7
9.Bg5 Qe8 10.dxe5 dxe5 11.Qc2 c6 12.h3 Nh5 13.Rfe1 Nf4 14.Bxf4 exf4 15.Rad1 Be5
16.a3 Qe7 17.b4 Qf6 18.Nb1 Nc7 19.Nxe5 Qxe5 20.Nd2 a5 21.Nf3 Qf6 22.e5 Qe7
23.Qd2 axb4 24.axb4 Re8 25.Qxf4 Ra4 26.Qh6 Qf8 27.Qh4 Ne6 28.Nd2 Qe7 29.Qg3 Nf8
30.Bg4 Bxg4 31.hxg4 Rd8 32.Ne4 Rxd1 33.Rxd1 Qxb4 34.e6 Nxe6 35.Qe5 Qxc4 36.Nf6+ Kf8
37.Nxh7+ Kg8 38.Nf6+ Kf8 39.Nh7+ Kg8 40.Nf6+ Kf8 41.g5 Ra8 42.Qh2 Nf4 43.Qh8+ Ke7
44.Ng8+ Kf8 45.Nh6+ Ke7 46.Qe5+ Kf8 47.Re1  1-0

[Event "ECC"]
[Site "Rethymnon GRE"]
[Date "2003.10.04"]
[Round "7"]
[White "Onischuk,Al"]
[Black "Tihonov,J"]
[Result "1-0"]
[WhiteElo "2657"]
[BlackElo "2382"]

1.d4 Nf6 2.c4 g6 3.Nc3 Bg7 4.e4 d6 5.Nf3 O-O 6.Be2 e5 7.Be3 Ng4 8.Bg5 f6
9.Bh4 Nh6 10.dxe5 g5 11.exf6 Bxf6 12.Bg3 Nc6 13.h3 Bxc3+ 14.bxc3 Qf6 15.Qd2 Nf7
16.Nd4 Nfe5 17.Nxc6 Nxc6 18.h4 g4 19.Qg5+ Qxg5 20.hxg5 b6 21.Rh6 Ne5 22.Bxe5 dxe5
23.g6 Bb7 24.gxh7+ Kh8 25.f3 gxf3 26.gxf3 Rad8 27.Rd1 Rxd1+ 28.Kxd1 Re8 29.Kd2 Bc8
30.c5 Re6 31.Rh5 bxc5 32.Ke3 Re7 33.Bc4 Bd7 34.Bg8 a5 35.f4 exf4+ 36.Kxf4 a4
37.Rxc5 Bc8 38.Re5 Rg7 39.Re8 Bd7 40.Ra8 Re7  1-0

[Event "34th NCC"]
[Site "Philadelphia USA"]
[Date "2003.11.30"]
[Round "5"]
[White "Onischuk,Al"]
[Black "Ibragimov,I"]
[Result "1/2-1/2"]
[WhiteElo "2661"]
[BlackElo "2567"]

1.d4 Nf6 2.c4 e6 3.Nc3 Bb4 4.Qc2 O-O 5.a3 Bxc3+ 6.Qxc3 d6 7.Bg5 Nbd7 8.Nf3 b6
9.Nd2 h6 10.Bh4 Bb7 11.f3 d5 12.cxd5 exd5 13.e3 Re8 14.Be2 Ne4 15.Nxe4 Qxh4+
16.Ng3 c5 17.O-O Rac8 18.Rac1 g6 19.Bb5 Re7 20.Qd2 Nf8 21.dxc5 bxc5 22.b4 c4
23.Qc3 Re6 24.e4 Qd8 25.exd5 Qb6+ 26.Kh1 Re3 27.Qd2 c3 28.Qf2 Bxd5 29.Ne4 Bxe4
30.fxe4 Rc7 31.Bc6 Rd3 32.b5 Qxf2 33.Rxf2 Ne6 34.Rf3 Rxf3 35.gxf3 Nd4 36.a4 c2
37.e5 Rc8 38.Be4 Rc5 39.Kg2 Rxe5 40.Kf2 f5 41.Bd3 f4 42.a5 Kg7 43.b6 axb6
44.axb6 Re6 45.b7 Rb6 46.Bxc2 Rxb7 47.Rb1 Rxb1 48.Bxb1 Kf6 49.Be4 g5 50.Bb7 h5
51.Bc8 Ke5 52.h4 gxh4 53.Kg2 h3+ 54.Bxh3 Kd5 55.Bd7 Kc4 56.Be8 h4 57.Kh3 Nxf3
58.Kg4  1/2-1/2

[Event "Lindsborg Inv Rapid"]
[Site "Kansas USA"]
[Date "2003.12.13"]
[Round "1"]
[White "Morovic Fernandez,I"]
[Black "Onischuk,Al"]
[Result "1/2-1/2"]
[WhiteElo "2583"]
[BlackElo "2661"]

1.e4 e5 2.Nf3 Nc6 3.Bb5 a6 4.Ba4 Nf6 5.O-O b5 6.Bb3 Bc5 7.a4 Bb7 8.d3 O-O
9.Nc3 Na5 10.axb5 Nxb3 11.cxb3 axb5 12.Rxa8 Bxa8 13.Nxe5 d5 14.Bg5 dxe4 15.dxe4 Qxd1
16.Rxd1 b4 17.Nd3 bxc3 18.Nxc5 Nxe4 19.Nxe4 Bxe4 20.bxc3 Bc2 21.Rd7 Bxb3
22.Rxc7 Be6 23.Ra7 Rc8 24.Ra3 f6 25.Be3 Rb8 26.h4 h5 27.Ra5 Bf7 28.Ra4 Rc8
29.Bd4 Kh7 30.f3 Kg6 31.Kf2 Bd5 32.Ke3 Bc4 33.Kf4 Rc7 34.Rb4 Bf7 35.g4 hxg4
36.fxg4 Rd7 37.Rb6 Kh7 38.Rb5 Re7 39.g5 fxg5+ 40.Rxg5 Bc4 41.Be5 Rd7 42.Bd4 Re7
43.Rh5+ Kg6 44.Rg5+ Kh6 45.Rc5 Bd3 46.Be5 Rf7+ 47.Ke3 Bf5 48.c4 Kh5 49.Bxg7 Kxh4
50.Be5 Kg4 51.Ra5 Rd7 52.Bd4 Rb7 53.Ra3 Rh7 54.Ra8 Rh3+ 55.Kf2 Rh2+ 56.Ke3 Rh3+
57.Kf2 Rh2+ 58.Ke3  1/2-1/2

[Event "Lindsborg Inv Rapid"]
[Site "Kansas USA"]
[Date "2003.12.14"]
[Round "4"]
[White "Onischuk,Al"]
[Black "Karpov,Ana"]
[Result "1/2-1/2"]
[WhiteElo "2661"]
[BlackElo "2693"]

1.d4 d5 2.c4 dxc4 3.e4 Nf6 4.e5 Nd5 5.Bxc4 Nb6 6.Bb3 Nc6 7.Ne2 Bf5 8.Nbc3 e6
9.a3 Qd7 10.Be3 O-O-O 11.O-O f6 12.exf6 gxf6 13.Ng3 Nxd4 14.Bxd4 Qxd4 15.Nxf5 exf5
16.Nb5 Qxd1 17.Raxd1 Bc5 18.Nxa7+ Kb8 19.Nb5 c6 20.Nc3 f4 21.Rfe1 Bd4 22.Kf1 Be5
23.Rxd8+ Rxd8 24.Rd1 Re8  1/2-1/2

[Event "5th Karpov"]
[Site "Poikovsky RUS"]
[Date "2004.03.20"]
[Round "4"]
[White "Lautier,J"]
[Black "Onischuk,Al"]
[Result "1/2-1/2"]
[WhiteElo "2676"]
[BlackElo "2652"]

1.e4 e5 2.Nf3 Nc6 3.Bb5 a6 4.Ba4 Nf6 5.O-O Bc5 6.c3 b5 7.Bc2 d5 8.d4 dxe4
9.Nxe5 Nxe5 10.dxe5 Qxd1 11.Rxd1 Ng4 12.Bxe4 Nxf2 13.Bc6+ Ke7 14.Rd5 Bb6
15.Bg5+ f6 16.exf6+ gxf6 17.Bh4 Ng4+ 18.Kh1 Rb8 19.Nd2 Be6 20.Rh5 Nf2+ 21.Bxf2 Bxf2
22.Rf1 Be3 23.Nb3 Rbd8  1/2-1/2

[Event "5th Karpov"]
[Site "Poikovsky RUS"]
[Date "2004.03.22"]
[Round "5"]
[White "Onischuk,Al"]
[Black "Grischuk,A"]
[Result "1/2-1/2"]
[WhiteElo "2652"]
[BlackElo "2719"]

1.d4 Nf6 2.c4 e6 3.Nc3 Bb4 4.Qc2 O-O 5.a3 Bxc3+ 6.Qxc3 b6 7.Bg5 Bb7 8.e3 d6
9.Ne2 Nbd7 10.Qd3 Ba6 11.Nc3 d5 12.Qd1 Bxc4 13.Bxc4 dxc4 14.Qa4 c5 15.Qxc4 h6
16.Bh4 cxd4 17.Qxd4 g5 18.Bg3 Nc5 19.h4 Nfe4 20.Nxe4 Qxd4 21.exd4 Nxe4 22.Bh2 Rad8
23.hxg5 hxg5 24.Rc1 Kg7 25.f3 Nf6  1/2-1/2

[Event "5th Karpov"]
[Site "Poikovsky RUS"]
[Date "2004.03.24"]
[Round "7"]
[White "Onischuk,Al"]
[Black "Malakhov,V"]
[Result "1-0"]
[WhiteElo "2652"]
[BlackElo "2700"]

1.d4 d5 2.c4 c6 3.Nc3 Nf6 4.Nf3 a6 5.e3 b5 6.b3 Bg4 7.Be2 Nbd7 8.O-O e6 9.h3 Bh5
10.Bb2 Bd6 11.Ne5 Bxe2 12.Nxe2 Qc7 13.cxd5 cxd5 14.Rc1 Qb8 15.Nc6 Qb7 16.Qd3 O-O
17.Rc2 Rac8 18.Rfc1 Nb8 19.Nxb8 Rxc2 20.Qxc2 Rxb8 21.Qc6 Ne8 22.f3 b4 23.e4 a5
24.Kf2 dxe4 25.Qxb7 e3+ 26.Kxe3 Rxb7 27.Rc8 Rb8 28.Rxb8 Bxb8 29.d5 e5 30.Kd3 Kf8
31.Kc4 Ke7 32.Kb5 Bd6 33.Kc6 g6 34.Bc1 f5 35.Bg5+ Kf7 36.Bd8 e4 37.fxe4 fxe4
38.Bxa5 Ke7 39.Bb6 g5 40.Nd4  1-0